000 00742nam a2200253 i 4500
001 bg
100 1 _aProwans, Stanisław
_d(1918-1992).
245 1 0 _aStruktura stopów /
_cStanisław Prowans.
250 _aWyd.2 popr.
260 _aWarszawa :
_bWydawnictwo Naukowe PWN,
_c2000.
300 _a320 s. :
_bfot., rys., wykr. ;
_c24 cm.
504 _aBibliogr. i wykaz norm s. 314-315.
650 9 _aStopy (metalurg.)
655 _aPodręczniki akademickie
020 _a8301131497
040 _cBPK
041 0 _apol
080 _a669.017/.018
080 _a(075.8)
920 _a83-01-13149-7
942 _cKS
008 s pl f |000 0 pol
999 _c38950
_d38950
856 _uhttp://koha.tu.koszalin.pl/cgi-bin/koha/opac-detail.pl?biblionumber=38950
_yKatalog online BPK